| 000 | 00749nam a2200169Ia 4500 | ||
|---|---|---|---|
| 008 | 100122s9999 xx 000 0 und d | ||
| 082 |
_b68459 _a823 |
||
| 100 | _aआर्चर जेफ्री | ||
| 245 | _aसन्स ऑफ फॉर्च्यून अनु- अजित ठाकूर (क. क्र.1/1 ) | ||
| 250 | _a0 | ||
| 260 |
_bमेहता पब्लिशिंग हाऊस _c2005 |
||
| 300 | _a496 | ||
| 630 | _aसन्स ऑफ फॉर्च्यून अनु- अजित ठाकूर (क. क्र.1/1 ) | ||
| 700 | _aठाकूर अजित | ||
| 730 | _aसन्स ऑफ फॉर्च्यून अनु- अजित ठाकूर (क. क्र.1/1 ) | ||
| 942 | _cBOOK | ||
| 999 |
_c440095 _d440092 |
||